Quizzes
Events
Quiz Creation
Community
Videos
Private Events
Remove Ads
Sign In
Join for FREE
Feedback
Dark Mode
Quiz Categories
Sports
Geography
Music
Movies
Television
Just For Fun
Miscellaneous
History
Literature
Language
Science
Gaming
Entertainment
Religion
Holiday
For Kids
Quiz Lab
Recent
Popular Today
Quiz Kudos Today
Editor Picks
Curator Picks
Quizzes by...
Day
Popularity
Type
Ratings
Length
Year
Community
Subscriptions
Recent Discussions
Orange Saloon
Badges
Playlists
Quests
Create
Leaderboards
Showdown
Live 5
Trivia Bingo
Activity
Puzzle Library
Sporcle Events
Private Events
Virtual Trivia
Globe League
Become a Host
Pub Owners
SporcleCon
Opinionation
Our Games
Videos
Blog
Mobile Apps
Partnerships
Remove Ads and Go Orange
Feedback
Miscellaneous
Crossword
General Knowledge
Baby Names
Logo
Food
Cars
Numbers
Grab Bag
University
College
Popular
Company
Slogans
Restaurants
Justice
Letter
Miscellaneous
Crossword
General Knowledge
Baby Names
Logo
Food
Cars
Numbers
Grab Bag
University
College
Popular
Company
Slogans
Restaurants
Justice
Letter
Random Quiz
Search Sporcle
×
Quiz Lab
Quiz Lab
Miscellaneous
location
Type in answers that appear in a list
Type in answers that appear in a list
Classic
Best Score? Go Orange.
Top American Beer Brewers Stats
Can you name the brewers of the top American beers?
By
regaltdp
10m
100 Questions
94 Plays
94 Plays
94 Plays
Comments
Comments
Give Quiz Kudos
Give Quiz Kudos
-
- Ratings
hide this ad
More Info
Replay
Link that replays current quiz
Next Quiz
Link to next quiz in quiz playlist
You Got
0%
They Got
Avg Score
34%
Avg Friend Score
Upgrade to see
Score Distribution
Jump to the score distribution portion of the page
Score
0/100
Timer
10:00
0
Plays Today
Rank / Beer
Brewer
% Correct
51) Utopias American Strong Ale
Boston (Samuel Adams)
69.1%
22) Stone Imperial Russian Stout
Stone
68.1%
68) Double Bastard Ale
Stone
68.1%
78) Stone IPA Double Dry-
hopped
Stone
68.1%
90) Ruination IPA
Stone
68.1%
7) Bourbon County Brand Coffee Stout
Goose Island
60.6%
38) Bourbon County Stout
Goose Island
60.6%
84) Night Stalker Imperial Stout
Goose Island
60.6%
1) Pliny the Younger IPA
Russian River
57.4%
5) Pliny the Elder IPA
Russian River
57.4%
11) Supplication Wild Ale
Russian River
57.4%
26) Temptation Wild Ale
Russian River
57.4%
31) Consecration Wild Ale
Russian River
57.4%
53) Sanctification Wild Ale
Russian River
57.4%
59) Beatification Wild Ale
Russian River
57.4%
69) Blind Pig IPA
Russian River
57.4%
4) Canadian Breakfast Stout
Founders
56.4%
8) Kentucky Breakfast Stout
Founders
56.4%
20) Breakfast Stout
Founders
56.4%
56) Black Biscuit Old Ale
Founders
56.4%
19) HopSlam Ale
Bell's
53.2%
28) Bourbon Barrel-
aged Expedition/
Double Cream Blend
Bell's
53.2%
64) The Oracle Double IPA
Bell's
53.2%
91) Two Hearted Ale
Bell's
53.2%
2) Vanilla Bean Aged Dark Lord Stout
Three Floyds
51.1%
10) Dark Lord Imperial Stout
Three Floyds
51.1%
12) Oak Aged Dark Lord Imperial Stout
Three Floyds
51.1%
25) Dreadnaught IPA
Three Floyds
51.1%
43) Wisconsin Belgian Red
New Glarus
41.5%
55) Raspberry Tart
New Glarus
41.5%
33) Splinter Gold Tripel
Tröegs
40.4%
37) Nugget Nectar
Tröegs
40.4%
28) Old Stock Cellar Reserve
North Coast
39.4%
39) Barrel-
aged Blackout Stout
Great Lakes
39.4%
Rank / Beer
Brewer
% Correct
89) Old Rasputin Russian Imperial Stout
North Coast
39.4%
92) Edmund Fitzgerald Porter
Great Lakes
39.4%
96) Old Rasputin XII Russian Imperial Stout
North Coast
39.4%
79) Oak-
aged Yeti Imperial Stout
Great Divide
37.2%
80) Choklat Imperial Stout
Southern Tier
37.2%
81) Old Ruffian Barley Wine
Great Divide
37.2%
99) Yeti Imperial Stout
Great Divide
37.2%
3) The Abyss Imperial Stout
Deschutes
36.2%
18) Barrel-
aged Speedway Stout
AleSmith
36.2%
21) Speedway Stout
AleSmith
36.2%
42) AleSmith IPA
AleSmith
36.2%
58) Yulesmith Summer IPA
AleSmith
36.2%
62) Black Butte XXI Porter
Deschutes
36.2%
67) Hop Red Rye IPA
Bear Republic
36.2%
83) Racer X Imperial IPA
Bear Republic
36.2%
35) Firestone 13 Anniversary Ale
Firestone Walker
35.1%
46) Abacus American Barleywine
Firestone Walker
35.1%
47) Parabola Imperial Stout
Firestone Walker
35.1%
9) Hunahpu's Imperial Stout
Cigar City
31.9%
57) Bourbon Barrel-
aged Hunahpu's
Cigar City
31.9%
97) Hunahpu's -
Laird's Apple Brandy Barrel-
aged
Cigar City
31.9%
17) Darkness Russian Imperial Stout
Surly
29.8%
34) Furious American IPA
Surly
29.8%
40) Abrasive Ale
Surly
29.8%
93) Ten FIDY Imperial Stout
Oskar Blues
28.7%
15) Sculpin IPA
Ballast Point
27.7%
95) Victory at Sea Coffee Vanilla Imperial Porter
Ballast Point
27.7%
6) Kate the Great Russian Imperial Stout
Portsmouth
26.6%
23) Duck Duck Gooze Wild Ale
The Lost Abbey
26.6%
27) Cable Car Wild Ale
The Lost Abbey
26.6%
49) The Angel's Share Grand Cru
The Lost Abbey
26.6%
50) Bourbon Barrel-
aged Angel's Share
The Lost Abbey
26.6%
13) Black Tuesday Imperial Stout
The Bruery
25.5%
24) Melange No. 3 American Strong Ale
The Bruery
25.5%
Rank / Beer
Brewer
% Correct
45) Brute Wild Ale
Ithaca
24.5%
60) Saison -
Brett Farmhouse Ale
Boulevard
23.4%
94) Southampton Grand Cru
Southampton Publick House
22.3%
52) Exponential Hoppiness IPA
Alpine
20.2%
65) Nelson IPA
Alpine
20.2%
70) Pure Hoppiness IPA
Alpine
20.2%
71) Duet IPA
Alpine
20.2%
73) Ivan the Terrible Imperial Stout
BIg Sky
20.2%
16) Masala Mama IPA
Minneapolis Town Hall
18.1%
36) Czar Jack Imperial Stout
Minneapolis Town Hall
18.1%
30) Live Oak Hefeweizen
Live Oak
17%
76) Matt (Bottleworks X) Strong Ale
Hair of the Dog
17%
61) Sexual Chocolate Imperial Stout
Foothills
16%
66) Arctic Devil Barley Wine
Midnight Sun
16%
87) Berserker Imperial Stout
Midnight Sun
16%
88) Barrel-
aged Sexual Chocolate
Foothills
16%
14) The Perfect Storm English Barleywine
Pelican
13.8%
48) Boy King Double IPA
COAST
12.8%
74) Flaming Fury Wild Ale
Captain Lawrence
12.8%
77) Jack Daniels Barrel-
aged Blackbeerd Imperial Stout
COAST
12.8%
85) Imperial Stout Trooper
New England
12.8%
100) Cadillac Mtn. Stout
Bar Harbor
12.8%
44) Raspberry Eisbock
Kuhnhenn
11.7%
75) Bourbon Barrel-
aged Barleywine
Kuhnhenn
11.7%
98) Chocolate Stout
Rogue Ales
10.6%
32) Heady Topper IPA
The Alchemist
9.6%
54) Bourbon Barrel-
aged Barleywine
Central Waters
9.6%
63) Coffee Stout
Central Waters
9.6%
86) Gratitude American Barleywine
East End
9.6%
41) Citra DIPA
Kern River
7.4%
82) Liberator Doppelbock
Thomas Hooker
5.3%
72) Reality Czeck Pilsener
Moonlight
4.3%
Quiz Playlist
Details
Report
Send in Message
Add To Playlist
More Info:
Think you know beer? See if you know who makes these top-rated brews, compiled by beeradvocate.com! List current as of 05-03-2010
Classic:
Type in answers that appear in a list
Quiz Source
Last Updated: Feb 16, 2017
Quiz Scoreboard
CHALLENGE
Sign Up to Join the Scoreboard
Show All
Scores
Hide
Comments
May contain spoilers
Recently Published
Presidents Visiting Landmarks
by Hejman
History
7m
An Introduction to Baseball
by treessimontrees
Sports
5m
Movies - When Are They Set?
by FPL_Elf
Movies
5m
More to Explore
Quiz From the Vault
Featured Blog Post
Where Did the Easter Bunny Come From?
hide this ad
You Might Also Like...
Tags
America
Beer
Brewer
location
Today's Top Quizzes in Miscellaneous
Browse Miscellaneous
hide this ad
Today's Top Quizzes in location
Browse location
Top Contributed Quizzes in Miscellaneous
1
5-to-1: Fast Food
2
The JOE quick-fire general knowledge quiz: Day 174
3
The JOE quick-fire general knowledge quiz: Day 173
4
The JOE quick-fire general knowledge quiz: Day 172
5
5-to-1: Cocktails
6
Sunday Crossword: Famous Bodies of Water
7
One Thing in Common: United Kingdom II
8
The JOE quick-fire general knowledge quiz: Day 171
9
Named After an Animal - Odd One Out!
10
The JOE quick-fire quiz: Day 170
Explore More
Trending Topics
Anime
Harry Potter
Kpop
NBA
Crossword
Disney
Marvel
The Office
Song
Pokémon
Puzzle
WWE
Soccer
Country
NFL
hide this ad
More By:
regaltdp
Quiz
Plays
Rating
Category
Featured
Created
U.S. Midwest Cities
3,516
4.62
Geography
May 11, 2010
Mortal Kombat: Armageddon
2,511
4.56
Gaming
Jun 13, 2010
Top 100 Midwest Cities
2,024
4.82
Geography
Sep 28, 2016
NCAA FBS College Towns (2023)
1,853
5.00
Sports
Dec 1, 2010
Largest Michigan High Schools
1,130
5.00
Sports
Mar 28, 2011
Go to Creator's Profile
Score Distribution
Quiz Creator Spotlight
regaltdp
Follow
Send a Message
Quizzes Created
-
Created Quiz Play Count
-
More By This Creator
Popular Quizzes Today
1
Find the US States - No Outlines Minefield
2
Find the Countries of Europe - No Outlines Minefield
3
The Countries of the World
4
Find the US States
5
Popular People in 1961
6
US States
7
Risky Map Clicking: Biggest States A-Z
8
Movies - When Are They Set?
More Miscellaneous Quizzes
America's Top 50 Employers
Published
Trending Quizzes
Risky Map Clicking: Least Populous States A-Z
1-10 Letter G Words
1-10 Letter F Words
Risky Map Clicking: Next State Alphabetically
Risky Map Clicking: Biggest States A-Z
Recently Updated
Leaping Animals
pecheneg
Reality TV Shows (A-Z)
bhenderson79
Rickey Henderson's Hall of Fame Teammates
pecheneg
Champions League XIs: Arsenal
pecheneg
Quick Pick: Celebrities in WWE's Hall of Fame
aduchscher
A-Z Keypad Blitz II
pecheneg
Multiple Oscar Actors
pecheneg
Mystery Phrase Blitz: Oscar 'Best Actors'
pecheneg
F. Scott Fitzgerald Novels
LTH
Pick 3 Villains
ddd62291
Trending Topics
NBA
Harry Potter
Crossword
Kpop
Disney
Anime
Marvel
Song
Puzzle
Country
NFL
WWE
The Office
Soccer
Pokémon
Your Account Isn't Verified!
In order to create a playlist on Sporcle, you need to verify the email address you used during registration. Go to your
Sporcle Settings
to finish the process.
Report this User
Report this user for behavior that violates our
Community Guidelines
.
Details:
Send Report
Go to the Sporcle.com Mobile Site →
Comments